000 00313nam a2200133Ia 4500
008 240624s9999 xx 000 0 und d
041 _aeng
082 _a920 ADV
100 _aADVANI L K
245 _aMY COUNTRY MY LIFE
260 _c2008
_aNew Delhi
_bRupa and Company
300 _a1084 : p.
365 _cRS
_b25
999 _c17615
_d17615